Europa y el Islam en la Edad media

সংরক্ষণ করুন:
গ্রন্থ-পঞ্জীর বিবরন
প্রধান লেখক: Bresc, Henri (Author), Guichard, Pierre (Author)
অন্যান্য লেখক: Mantran, Robert (autor)
বিন্যাস: গ্রন্থ
ভাষা:স্প্যানিশ
প্রকাশিত: Barcelona Crítica 2001
মালা:Libros de Historia
বিষয়গুলি:
ট্যাগগুলো: ট্যাগ যুক্ত করুন
কোনো ট্যাগ নেই, প্রথমজন হিসাবে ট্যাগ করুন!

MARC

LEADER 00000nam a2200000 a 4500
001 UCM0582
003 CL-VaPUC
008 020301e20010000SP |||||||||||||||||spa|d
082 0 4 |a 940.1  |b BRE  |2 21 
100 0 |a Bresc, Henri  |e author  |9 467473 
700 0 |a Guichard, Pierre  |e author  |9 467474 
700 |a Mantran, Robert  |e autor  |9 467475 
245 1 0 |a Europa y el Islam en la Edad media 
300 |a 342 p 
942 |c BK 
945 |d 20020301 00:00:00  |a cmena 
260 |a Barcelona  |b Crítica  |c 2001 
650 0 |a Historia europea   |9 467476 
650 7 |a ISLAMISMO - EDAD MEDIA  |2 CL-VaPUC  |9 467477 
583 |a last modification  |c 20020301 00:00:00  |k Rodrigo Vera 
490 0 |a Libros de Historia 
999 |c 299469  |d 299467 
952 |0 0  |1 0  |4 0  |6 940_100000000000000_BRE_2001  |7 0  |8 A  |9 356027  |a BIBHIS  |b BIBHIS  |d 2019-11-21  |i 3790975  |l 2  |o 940.1 BRE 2001  |p 3790975  |r 2025-03-17  |s 2025-03-17  |w 2019-11-21  |y BK  |k HIS